Datum a čas kvízu
37.5
Celkem bodů
Celkový počet nahraných bodů na tomto kvízu bez doplňovacích otázek.
3.
Pořadí na kvízu
Konečné umístění týmu na tomto kvízu.
Zaznamenané odpovědi
| # | Otázka | Odpověď | Body | Výsledky |
|---|---|---|---|---|
| 1. | V úterý zaměstnalo policejní o... | Helena Válková; ANO | 1 | |
| 2. | Prezidenti Sadyr Žaparov a Imo... | Kyrgyzstán, Tádžikistán | 0.5 | |
| 3. | Režisérka a herečka Greta Gerw... | Letopisy Narnie | 1 | |
| 4. | Dozorčí rada Moravskoslezských... | Hrušovany | 1 | |
| 5. | Čeští reprezentanti porazili v... | futsal | 0 | |
| 6. | V příštích pěti otázkách vždy... | D | 1 | |
| 7. | Který prezident USA mohl v obd... | Lyndon B. Johnson | 1 | |
| 8. | Co nemohl během svého působení... | B | 1 | |
| 9. | Ze kterého města pocházel tým,... | Zlín | 0 | |
| 10. | O které z těchto událostí se z... | D | 1 |